000 00923cam a2200253 i 4500
003 SA-RiAUC
005 20251228080320.0
008 251123s2001 su g 00010 ara c
040 _aSA-MaUQU
_bara
_cSA-RiAUC
_erda
043 _aa-su---
082 0 4 _a253.93
090 _a253.93
_bا ب ن ا
100 1 _aابن أيوب، أحمد بن سليمان
_eمؤلف.
245 1 0 _aحكم اللقطة في مكة وغيرها /
_cأحمد بن سليمان.
264 1 _aجدة، السعودية :
_bدار حامد عسيري،
_c2001
300 _a134 صفحة ؛
_c24 سم
336 _aنص
_btxt
_2rdacontent
_3كتاب
337 _aبدون وسيط
_bn
_2rdamedia
338 _aمجلد
_bnc
_2rdacarrier
650 7 _aاللقطة (فقه إسلامي)
_2aucsh
650 7 _aالفقه الإسلامي
_zمكة المكرمة
_2aucsh
942 _2ddc
_cBOOK
_n0
949 _aSA-JeALM
_d251123
_umohamedma123
_n1
999 _c13741
_d13741